Random Geography Quiz - Statistics

General Stats
  • This quiz has been taken 64 times
    47 since last reset
  • The average score is 23 of 30
Answer Stats
Hint Your answer % Correct
What continent is France located on Europe
100%
Capital city of Germany Berlin
98%
Largest ocean on earth Pacific Ocean
98%
What main color is the chinese flag Red
98%
Largest country in Africa Algeria
93%
What language is spoken in Brazil Portuguese
93%
What country has the most nuclear weapons Russia
93%
What language is spoken in North Korea and South Korea Korean
90%
Copenhagen is the capital of this country Denmark
88%
What is the name of the famous tower in Paris Eiffel Tower
88%
What is the largest island in the world Greenland
88%
Turkey's capital city Ankara
85%
Line around earth that make the northern and southern hemisphere Equator
85%
Largest city in Brazil Rio De Janeiro
83%
England, Northern Ireland, Wales, and ____ Scotland
83%
What city is the NATO and EU headquarters located in Brussels
80%
This country claims territory over Kosovo Serbia
78%
Largest 'stan* country Kazakhstan
75%
Where is Machu Pichu Peru
73%
What color is the circle in Palau's flag Yellow
70%
Tower Bridge is located in? United Kingdom
68%
Kinshasa is the capital of, what country D.R. Congo
65%
Victoria Falls borders, Zambia and ____ Zimbabwe
65%
What animal is on the mexican flag Eagle
63%
France's longest border is with ____ Brazil
60%
Largest economy in Africa Nigeria
58%
Christmas Island is a part of, what country Australia
55%
This country held the 2010 world cup South Africa
45%
What country has the same stars as Australia? (Not Australia) Samoa
33%
This country is know for having the worst football team San Marino
18%
No matching quizzes found
Score Distribution
Percent of People with Each Score
Percentile by Number Answered
Your Score History
You have not taken this quiz since the last reset